| 000 | 01429nam a22002417a 4500 | ||
|---|---|---|---|
| 999 |
_c3731 _d3731 |
||
| 003 | OSt | ||
| 005 | 20241004091726.0 | ||
| 008 | 241004b ||||| |||| 00| 0 eng d | ||
| 020 | _a9780241647561 | ||
| 040 | _cKH8 | ||
| 082 | _aFIC RIO | ||
| 100 |
_aRiordan, Rick, _eauthor. |
||
| 245 |
_aPercy Jackson and the Olympians: _bThe Chalice of the Gods / _cRick Riordan. |
||
| 260 |
_aLondon; _bPuffin Books, _c2023. |
||
| 300 |
_a267 pages : _c24 cm. |
||
| 440 | _aPercy Jackson and the Olympians | ||
| 520 | _aThe original heroes from The Lightning Thief are reunited for their biggest challenge yet- getting Percy to college when the gods are standing in his way. The original heroes from The Lightning Thief are reunited for their biggest challenge yet- getting Percy to college when the gods are standing in his way. After saving the world multiple times, Percy Jackson is hoping to have a normal senior year. Unfortunately, the gods aren't quite done with him. Percy will have to fulfil three quests in order to get the necessary three letters of recommendation from Mount Olympus for college. The first quest is to help Zeus's cup-bearer retrieve his goblet before it falls into the wrong hands. Can Percy, Grover, and Annabeth find it in time? | ||
| 650 | _a Action and adventure fiction | ||
| 650 | _aChildren's stories | ||
| 650 | _aFantasy stories | ||
| 830 | _aPercy jackson and the olympians | ||
| 942 |
_2ddc _cFIC |
||